Ecofeminist philosophy : a western perspective on what it is and why it matters
Αποθηκεύτηκε σε:
| Κύριος συγγραφέας: | |
|---|---|
| Μορφή: | Βιβλίο |
| Γλώσσα: | English |
| Δημοσίευση: |
Lanham, Md. :
Rowman & Littlefield,
2000
|
| Σειρά: | Studies in social, political, and legal philosophy
|
| Θέματα: | |
| Ετικέτες: |
Προσθήκη ετικέτας
Δεν υπάρχουν, Καταχωρήστε ετικέτα πρώτοι!
|
MARC
| LEADER | 00000nam a2200000 i 4500 | ||
|---|---|---|---|
| 001 | 1/82093 | ||
| 008 | 050722s2000 eng d | ||
| 020 | |a 0-8476-9299-X | ||
| 035 | |l 10079435 | ||
| 040 | |a GR-MY-UA |b gre |e aacr | ||
| 041 | 0 | |a eng | |
| 082 | 0 | |a 305.4201 |2 (22) | |
| 100 | 1 | |a Warren, Karen |d 1947- | |
| 245 | 1 | 0 | |a Ecofeminist philosophy : |b a western perspective on what it is and why it matters / |c Karen J. Warren |
| 260 | |a Lanham, Md. : |b Rowman & Littlefield, |c 2000 | ||
| 300 | |a xviii, 253 σ.; |c 24 εκ. | ||
| 490 | 1 | |a Studies in social, political, and legal philosophy | |
| 504 | |a Περιέχει βιβλιογραφία (σ. 217-234) και ευρετήριο | ||
| 650 | 0 | 0 | |a Ecofeminism. |
| 830 | 0 | |a Studies in social, political, and legal philosophy | |
| 852 | |a INST |b LESVOS |e 20050722 |h 305.4201 WAR |p 005100032006 |q 005100032006 |t BK |y 0 | ||
| 901 | |a BIBL1-2005-2 | ||
| 909 | |a Λ |b 121799 | ||
| 920 | |a ΕΠΕΑΕΚ ΠΜΣ ΓΥΝΑΙΚΕΣ KAI ΦΥΛΑ |y ΛΕΣΒΟΣ |z 2005-06 | ||
| 970 | |a ΚΑΡΑ |b ΓΙΑΣΕΜΗ |z 2005/07/22 | ||